Tomodachi Life: Living The Dream Facilities - Statistics

General Stats
  • This quiz has been taken 29 times
  • The average score is 6 of 13
Answer Stats
Answer % Correct
Where & Wear
73%
Mii News
59%
Palette House
55%
Tomoria
55%
Foto-Tomo
50%
Fresh Kingdom
45%
Quik Build
45%
My Treasures
41%
Mii Wheel
36%
T&C Reno
36%
Marketplace
32%
Wishing Fountain
32%
Rite Price
27%
No matching quizzes found
Score Distribution
Percent of People with Each Score
Percentile by Number Answered
Your Score History
You have not taken this quiz